00656nam a2200205 a 450000100100000000500170001000800410002702000150006804000250008310000250010824500360013324600280016925000120019726000460020930000360025549000150029183000220030695201050032899900170043300004019820201002033958.0130814s1993 sp ac 000 0 spa d a8472392562 aDO-SdBNPbspacBNPHU1 aRuiz, Alfonso96646510aAsi era Teresa /cAlfonso Ruiz.14aAsi era Teresa de Jesus a2a. ed. aBurgos :bEditorial Monte Carmelo,c1993. a213 p. :bil., retrs. ;c20 cm.1 aAsi erav1 0aAsi erav1966466 001050718MOaGRbGRcCTd2013-08-14iLF1l0o p40198-10r2020-06-25w2020-06-25y1ZNo se presta c39688d39688